The Targums : (Record no. 8564)
[ view plain ]
| 000 -LEADER | |
|---|---|
| fixed length control field | 02087nam a22002417a 4500 |
| 003 - CONTROL NUMBER IDENTIFIER | |
| control field | GBCCL |
| 005 - DATE AND TIME OF LATEST TRANSACTION | |
| control field | 20241126110653.0 |
| 008 - FIXED-LENGTH DATA ELEMENTS--GENERAL INFORMATION | |
| fixed length control field | 210408b ||||| |||| 00| 0 eng d |
| 020 ## - INTERNATIONAL STANDARD BOOK NUMBER | |
| International Standard Book Number | 9781602583825 |
| 020 ## - INTERNATIONAL STANDARD BOOK NUMBER | |
| International Standard Book Number | 160258382X |
| 040 ## - CATALOGING SOURCE | |
| Transcribing agency | GBC |
| 082 ## - DEWEY DECIMAL CLASSIFICATION NUMBER | |
| Classification number | 221.42 |
| Item number | FLE |
| 100 ## - MAIN ENTRY--PERSONAL NAME | |
| Personal name | Flesher, Paul V.M. |
| 9 (RLIN) | 15096 |
| 245 ## - TITLE STATEMENT | |
| Title | The Targums : |
| Remainder of title | a critical introduction / |
| Statement of responsibility, etc. | Paul V.M. Flesher and Bruce D. Chilton. |
| 260 ## - PUBLICATION, DISTRIBUTION, ETC. | |
| Place of publication, distribution, etc. | Waco, Tex. : |
| Name of publisher, distributor, etc. | Baylor Univ. Press, |
| Date of publication, distribution, etc. | 2011. |
| 300 ## - PHYSICAL DESCRIPTION | |
| Extent | 557 pages |
| 440 ## - SERIES STATEMENT/ADDED ENTRY--TITLE | |
| Title | Biblical studies |
| 9 (RLIN) | 15097 |
| 505 ## - FORMATTED CONTENTS NOTE | |
| Formatted contents note | Preface Acknowledgments List of Abbreviations Section I: Getting Started 1 Introduction 2 Defining Targum 3 The Seven Rules of Targum 4 Rabbinic Literature Section II: The Pentateuchal Targums 5 Pentateuchal Targums: The Basics 6 Sources of the Palestinian Targums 7 Targum Onqelos and the Targums of Israel 8 The Pentateuchal Targums in Rabbinic Literature 9 Dating the Targums of Israel Section III: The Targums of the Prophets and the Writings 10 Targum Jonathan of the Prophets: Its Development as Revealed by the Targum of Isaiah 11 Targum Jonathan: Former and Latter Prophets 12 Targums to the Writings Section IV: The Targums in Late-Antique Judaism 13 Aramaic in Judaism 14 Targums and Translation in the History of Rabbinic Literature 15 Targum as Scripture and Hidden Interpretation 16 Ancient Scripture Translations Section V: The Targums and Early Christianity 17 Comparing the Targums and the New Testament 18 The Aramaic Retroversion of Jesus Sayings 19 The Fourth Gospel and Targumic Memra Section VI: Conclusions and Prospects 20 Genesis 22 in the Targumim and in Early Jewish and Christian Interpretation 21 Targums in the Rabbinic World and Beyond Appendix A: The Parallel Expansions of Genesis 28a50 Appendix B: A Guide to Babylonian Pointing Glossary Bibliography Index |
| 650 ## - SUBJECT ADDED ENTRY--TOPICAL TERM | |
| Topical term or geographic name entry element | Bible. |
| Form subdivision | Old Testament. |
| General subdivision | Versions. |
| 9 (RLIN) | 15098 |
| 650 ## - SUBJECT ADDED ENTRY--TOPICAL TERM | |
| Topical term or geographic name entry element | Bible. |
| Form subdivision | Old Testament. |
| General subdivision | Criticism, interpretation, etc. |
| 9 (RLIN) | 11525 |
| 650 ## - SUBJECT ADDED ENTRY--TOPICAL TERM | |
| Topical term or geographic name entry element | Bible. |
| Form subdivision | Old Testament |
| General subdivision | Criticism, interpretation, etc., Jewish. |
| 9 (RLIN) | 15099 |
| 942 ## - ADDED ENTRY ELEMENTS (KOHA) | |
| Source of classification or shelving scheme | Dewey Decimal Classification |
| Koha item type | Books |
| Withdrawn status | Lost status | Source of classification or shelving scheme | Damaged status | Not for loan | Home library | Current Library | Shelving location | Date acquired | Total checkouts | Full call number | Barcode | Date last seen | Copy number | Price effective from | Koha item type |
|---|---|---|---|---|---|---|---|---|---|---|---|---|---|---|---|
| Dewey Decimal Classification | GRACE BIBLE COLLEGE | GRACE BIBLE COLLEGE | Biblical Studies | 2021-04-08 | 221.42 FLE | 020207 | 2025-05-01 | c.1 | 2021-04-08 | Books |